Stavba s podpodlahovým vykurovaním v bohatom vicuse pri Via Carnuntina

Bibliographic Details
Main Authors: Schmidtová, Jaroslava (Author), Jezná, Jitka (Author)
Format: Article
Language:Slovak
PhysicalDescription:Obr.
ISBN:8096900641
ISSN:0524-2428
Subjects:

MARC

LEADER 00000nab a2200000 ar4500
001 vtls008424583
003 SK-MaSNL
005 20260303065916.0
008 060117c2003 xo |r|p|||||||000 b|slo
015 |a SNBRB2006/01  |2 snkbucl 
038 |a SNKBUCL 
040 |a SNKBUCL  |b slo  |c SNKBUCL  |e AACR2 
041 |a slo  |b eng 
044 |a xo  |c SK 
080 |a 902:72.032:697.38  |2 1981 
080 |a 72.032  |2 1981 
100 1 |a Schmidtová, Jaroslava  |4 aut  |9 10174 
245 1 0 |a Stavba s podpodlahovým vykurovaním v bohatom vicuse pri Via Carnuntina  |c Jaroslava Schmidtová, Jitka Jezná 
300 |a Obr. 
504 |a Bibliogr. odkazy 
546 |a Res. angl. 
650 0 7 |a rímska antická architektúra  |2 snkbucl  |9 2880 
650 0 7 |a kamenné stavby  |2 snkbucl  |9 3018 
650 0 7 |a podpodlahové vykurovanie  |2 snkbucl  |9 1066595 
650 0 7 |a archeologické nálezy  |2 snkbucl  |9 4975 
651 7 |a Rusovce (Bratislava V, Slovensko)  |2 snkbucl  |9 16342 
700 1 |a Jezná, Jitka  |4 aut  |9 471709 
773 0 |t Zborník Mestského múzea Bratislava. XV, 2003  |d Bratislava : Mestské múzeum, 2003  |g S. 19-26  |x 0524-2428  |z 8096900641 
852 |a SNK  |b KIS3GCP 
958 |a NB 
999 |c 1753216  |d 1755146